Getting it right : (Record no. 168)
[ view plain ]
| 000 -LEADER | |
|---|---|
| fixed length control field | nam a22 7a 4500 |
| 005 - DATE AND TIME OF LATEST TRANSACTION | |
| control field | 20170425084823.0 |
| 008 - FIXED-LENGTH DATA ELEMENTS--GENERAL INFORMATION | |
| fixed length control field | 170425b1991 my ||||| |||| 00| 0 eng d |
| 020 ## - INTERNATIONAL STANDARD BOOK NUMBER | |
| International Standard Book Number | 6979933091 |
| 040 ## - CATALOGING SOURCE | |
| Original cataloging agency | AKMAL |
| 082 ## - DEWEY DECIMAL CLASSIFICATION NUMBER | |
| Classification number | - |
| 090 ## - LOCALLY ASSIGNED LC-TYPE CALL NUMBER (OCLC); LOCAL CALL NUMBER (RLIN) | |
| Classification number (OCLC) (R) ; Classification number, CALL (RLIN) (NR) | - |
| Local cutter number (OCLC) ; Book number/undivided call number, CALL (RLIN) | - |
| 245 00 - TITLE STATEMENT | |
| Title | Getting it right : |
| Remainder of title | glossary of terms for public executives. |
| 260 ## - PUBLICATION, DISTRIBUTION, ETC. | |
| Place of publication, distribution, etc. | Kuala Lumpur : |
| Name of publisher, distributor, etc. | National Institute of Public Administration (INTAN), |
| Date of publication, distribution, etc. | 1991. |
| 300 ## - PHYSICAL DESCRIPTION | |
| Extent | 165p. |
| Dimensions | 22cm |
| 650 ## - SUBJECT ADDED ENTRY--TOPICAL TERM | |
| Topical term or geographic name entry element | Public administration |
| General subdivision | Terminology. |
| Geographic subdivision | Malaysia |
| 9 (RLIN) | 409 |
| 710 2# - ADDED ENTRY--CORPORATE NAME | |
| Corporate name or jurisdiction name as entry element | Institut Tadbiran Awam Negara. |
| 9 (RLIN) | 410 |
| 942 ## - ADDED ENTRY ELEMENTS (KOHA) | |
| Source of classification or shelving scheme | |
| Koha item type | Book |
| Withdrawn status | Lost status | Source of classification or shelving scheme | Damaged status | Not for loan | Collection code | Home library | Current library | Shelving location | Date acquired | Inventory number | Total Checkouts | Full call number | Barcode | Date last seen | Price effective from | Koha item type |
|---|---|---|---|---|---|---|---|---|---|---|---|---|---|---|---|---|
| NON-FICTION | AKMAL Melaka | AKMAL Melaka | PINJAMAN | 25.04.2017 | - | - | 201700368 | 25.04.2017 | 25.04.2017 | Book | ||||||
| NON-FICTION | AKMAL Melaka | AKMAL Melaka | PINJAMAN | 25.04.2017 | - | - | 201700369 | 25.04.2017 | 25.04.2017 | Book | ||||||
| NON-FICTION | AKMAL Melaka | AKMAL Melaka | PINJAMAN | 12.05.2017 | 302124 | R 350 INT | 201705923 | 12.05.2017 | 12.05.2017 | Book | ||||||
| NON-FICTION | AKMAL Melaka | AKMAL Melaka | PINJAMAN | 12.05.2017 | 302120 | R 350 INT | 201705922 | 12.05.2017 | 12.05.2017 | Book |
